[Event "Formia op"]
[Site "Formia"]
[Date "1994.??.??"]
[Round "6"]
[White "Alterman, Boris"]
[Black "Nurkic, Sahbaz"]
[Result "1/2-1/2"]
[WhiteElo "2595"]
[BlackElo "2435"]

1.e4 c5 2.Nf3 d6 3.Bb5+ Bd7 4.Bxd7+ Nxd7 5.O-O Ngf6 6.Re1 e6 7.c3 Be7 8.d3 O-O
9.Nbd2 Rc8 10.Nf1 Nb8 11.Ng3 Nc6 12.Bf4 b5 13.d4 cxd4 14.cxd4 Nb4 15.Re2 d5
16.e5 Ne4 17.a3 Nxg3 18.hxg3 Nc6 19.g4 h6 20.Qd3 b4 21.g3 bxa3 22.bxa3 g5
23.Bd2 Kg7 24.Kg2 Rh8 25.Rh1 Rb8 26.Be3 Na5 27.Nd2 Qb6 28.Rb1 Qc6 29.f4 Rxb1
30.Qxb1 Nc4 31.f5 f6 32.exf6+ Bxf6 33.fxe6 Qxe6 34.Nxc4 dxc4 35.Qb7+ Qf7
36.Qxf7+ Kxf7 37.Rc2 Rc8 38.Kf3 Ke6 39.Ke4 Kd6 40.Bd2 Re8+ 41.Kf5 Bxd4 42.Rxc4 Kd5
43.Rc7  1/2-1/2

[Event "Garmisch"]
[Site "Garmisch"]
[Date "1994.??.??"]
[Round "1"]
[White "Jussupow, Artur"]
[Black "Van Wely, Loek"]
[Result "0-1"]
[WhiteElo "2655"]
[BlackElo "2560"]

1.e4 c5 2.Nf3 d6 3.Bb5+ Bd7 4.Bxd7+ Nxd7 5.O-O Ngf6 6.Qe2 e6 7.b3 Be7 8.Bb2 O-O
9.c4 a6 10.d4 cxd4 11.Nxd4 Qb6 12.Rd1 Rac8 13.Nc3 Rfe8 14.Rac1 Qc7 15.h3 b6
16.Re1 g6 17.Rcd1 Qb7 18.Rd2 Bf8 19.Qd1 Bh6 20.Rde2 Red8 21.Bc1 Bg7 22.a4 d5
23.e5 Ne4 24.Nxe4 dxe4 25.Rxe4 Nc5 26.R4e2 Nxb3 27.Qxb3 Rxd4 28.c5 Rxc5 29.Be3 Bxe5
30.Bxd4 Bxd4 31.h4 Kg7 32.Rc2 Rf5 33.Qd3 e5 34.Re4 Qd5 35.Kf1 b5 36.axb5 axb5
37.f3 b4 38.Rb2 Qc5 39.Rb1 h5 40.Re2 Rf4 41.g3 Rf6 42.Rc2 Bc3 43.Kg2 Rd6
44.Qe4 Qd4 45.Re2 Qc5 46.Qe3 Qc4 47.Qe4 Qxe4 48.Rxe4 Rd2+ 49.Kf1 Bd4 50.Re2 Rd3
51.Rxb4 Rxf3+ 52.Kg2 Rd3 53.Rb5 Kf6 54.Ra5 Kf5 55.Rb5 f6 56.Rb1 Ke6 57.Rf1 f5
58.Rf3 Rd1 59.Ra3 e4 60.Ra6+ Kf7 61.Rc2 Be5 62.Rc5 Bd6 63.Rcc6 Ke6 64.Rcb6 Rd3  0-1

[Event "Garmisch"]
[Site "Garmisch"]
[Date "1994.??.??"]
[Round "3"]
[White "Jussupow, Artur"]
[Black "Landenbergue, Claude"]
[Result "1/2-1/2"]
[WhiteElo "2655"]
[BlackElo "2450"]

1.e4 c5 2.Nf3 d6 3.Bb5+ Nd7 4.O-O Nf6 5.Re1 a6 6.Bf1 b6 7.c4 Bb7 8.Nc3 g6
9.d4 cxd4 10.Nxd4 Bg7 11.Bg5 O-O 12.Qd2 Rc8 13.Rac1 Re8 14.Nd5 e6 15.Nxf6+ Nxf6
16.f3 Qc7 17.Kh1 Qb8 18.Bh6 Bh8 19.Nc2 Rcd8 20.Qf2 Qc7 21.Bg5 Rc8 22.Ne3 Bg7
23.Qh4 Nd7 24.b3 h5 25.Nd1 Qc5 26.Nf2 Qa5 27.Red1 d5 28.cxd5 Rxc1 29.Bxc1 exd5
30.exd5 Bxd5 31.Ne4 Bxe4 32.fxe4 Ne5 33.a4 Qb4 34.Qg3 h4 35.Qxh4 Qxb3 36.Rd8 Rxd8
37.Qxd8+ Kh7 38.Qh4+ Kg8 39.Qd8+ Kh7 40.Qh4+  1/2-1/2

[Event "Gausdal Int"]
[Site "Gausdal"]
[Date "1994.??.??"]
[Round "5"]
[White "Westerinen, Heikki MJ"]
[Black "Kotronias, Vasilios"]
[Result "1/2-1/2"]
[WhiteElo "2370"]
[BlackElo "2545"]

1.e4 c5 2.Nf3 d6 3.Bb5+ Bd7 4.Bxd7+ Qxd7 5.c4 Nc6 6.O-O g6 7.d4 cxd4 8.Nxd4 Bg7
9.Be3 Nf6 10.f3 O-O 11.Nc3 Rfc8 12.b3 Qd8 13.Qd2 a6 14.Rac1 Rab8 15.Rfd1 Nxd4
16.Bxd4 b5 17.e5 dxe5 18.Bxe5 Qxd2 19.Rxd2 Rb7 20.Rcd1 Ne8 21.Bxg7 Kxg7 22.Rd8 Rbb8
23.Rxc8 Rxc8 24.Nd5 e6 25.Ne3 Rc6 26.Kf2 h5 27.Rd7 Nc7 28.Rd8 Kf6 29.Rd7 Na8
30.Rb7 Nc7 31.Rb8 Ke7 32.Ke2 f5 33.f4 e5 34.fxe5 Re6 35.Rb7 Kd8 36.Rb8+ Kd7
37.Rg8 f4 38.Nd5 Nxd5 39.cxd5 Rxe5+ 40.Kf3 g5 41.Rh8 Re3+ 42.Kf2 h4 43.Ra8 g4
44.Rxa6 Rc3 45.Rg6 Rc2+ 46.Kf1 g3 47.hxg3 fxg3 48.Rg4 Rf2+ 49.Ke1 Rxg2 50.Rxh4 Rxa2
51.Kf1 Kd6 52.Rd4 Rf2+ 53.Kg1 Rf3 54.b4 Rf5 55.Rd3 Rxd5 56.Rxg3 Rd4 57.Kf2 Rxb4
58.Ke2 Rd4 59.Rd3  1/2-1/2

[Event "Troll Masters"]
[Site "Gausdal"]
[Date "1994.??.??"]
[Round "6"]
[White "Bellin, Robert"]
[Black "Van Wely, Loek"]
[Result "0-1"]
[WhiteElo "2405"]
[BlackElo "2570"]

1.e4 c5 2.Nf3 d6 3.Bb5+ Bd7 4.Bxd7+ Nxd7 5.O-O Ngf6 6.Qe2 e6 7.d4 cxd4 8.Nxd4 Be7
9.c4 O-O 10.b3 a6 11.Nc3 Qc7 12.Bb2 Rfe8 13.f4 b5 14.cxb5 Qa7 15.b6 Qxb6
16.Na4 Qb7 17.Rae1 d5 18.exd5 Nxd5 19.f5 e5 20.Nf3 Bb4 21.Rd1 e4 22.Nd4 N7f6
23.Nc2 Bf8 24.Ne3 Rac8 25.Kh1 Nxe3 26.Qxe3 Nd5 27.Qg3 f6 28.Rfe1 Rc2 29.Rc1 Rd2
30.h3 e3 31.Ba1 Nf4  0-1

[Event "Peer Gynt"]
[Site "Gausdal"]
[Date "1994.??.??"]
[Round "6"]
[White "Kristensen, Bjarke"]
[Black "Sadler, Matthew"]
[Result "1/2-1/2"]
[WhiteElo "2440"]
[BlackElo "2560"]

1.e4 c5 2.Nf3 d6 3.Bb5+ Bd7 4.Bxd7+ Qxd7 5.O-O Nc6 6.b3 Nf6 7.Re1 g6 8.Bb2 Bg7
9.c4 e5 10.Nc3 O-O 11.d3 Rae8 12.Nh4 Ne7 13.h3 Nh5 14.Nd5 Nxd5 15.cxd5 Nf4
16.Bc1 f5 17.Bxf4 exf4 18.Rc1 fxe4 19.dxe4 Bf6 20.Nf3 Qg7 21.Qd3 g5 22.Kf1 Re7
23.a4 Rfe8 24.Nd2 Qg6 25.f3 h5 26.Ke2 Bd4 27.Rc2 Qf5 28.Qc4 g4 29.hxg4 hxg4
30.Kd1 Qh5 31.Qe2 g3 32.Nc4 Be5 33.Rc1 Rh7 34.Kc2 Qg5 35.Qd3 Rh2 36.Re2 Re7
37.Rce1 Kf8 38.Qd2 b6 39.Qd3 Qh5 40.a5 Kg7 41.axb6 axb6 42.Nxe5 Qxe5 43.Qc3 Ra7
44.Qxe5+ dxe5 45.Kb2 Kf7 46.Rd2 Ke7 47.Rc1 Kd6 48.Rb1 b5 49.Rc1 b4 50.Rg1 Rh8
51.Rgd1 Rh2 52.Ra1 Rxa1 53.Kxa1 Rh8 54.Kb2 Rh7 55.Rd1 Rh2 56.Rg1 Rh7  1/2-1/2

[Event "Gausdal Int"]
[Site "Gausdal"]
[Date "1994.??.??"]
[Round "7"]
[White "Kristensen, Bjarke"]
[Black "Glenne, Bjorn Erik"]
[Result "1-0"]
[WhiteElo "2440"]
[BlackElo "2250"]

1.e4 c5 2.Nf3 d6 3.Bb5+ Bd7 4.Bxd7+ Qxd7 5.c4 Nc6 6.O-O Nf6 7.Nc3 g6 8.d4 cxd4
9.Nxd4 Bg7 10.Nde2 O-O 11.f3 Rfd8 12.Bg5 Rac8 13.Qd2 Ne8 14.b3 f6 15.Be3 f5
16.Rad1 b6 17.Rfe1 Nf6 18.exf5 gxf5 19.Bg5 e5 20.Nd5 Qf7 21.Nec3 Nd4 22.Nxf6+ Bxf6
23.Nd5 Bg7 24.Ne7+ Kf8 25.Nxc8 Rxc8 26.Be3  1-0

[Event "Gausdal Int"]
[Site "Gausdal"]
[Date "1994.??.??"]
[Round "9"]
[White "Westerinen, Heikki MJ"]
[Black "Ernst, Thomas"]
[Result "0-1"]
[WhiteElo "2370"]
[BlackElo "2485"]

1.e4 c5 2.Nf3 d6 3.Bb5+ Bd7 4.Bxd7+ Nxd7 5.c4 Ngf6 6.Nc3 e6 7.d4 cxd4 8.Nxd4 a6
9.b3 Qa5 10.Bd2 Nxe4 11.Nxe4 Qe5 12.Qe2 Qxd4 13.Bc3 Qb6 14.O-O-O Nc5 15.Ng5 Be7
16.h4 Bf6 17.Qf3 Bxc3 18.Qxc3 f6 19.b4 fxg5 20.Qxg7 O-O-O 21.bxc5 Qxc5 22.hxg5 Qxc4+
23.Kb1 Kb8 24.Rc1 Qe4+ 25.Ka1 Rc8 26.f3 Qa4 27.g6 h5 28.Rb1 b5 29.Rhd1 Rhd8
30.Qf6 Qa5 31.Qxe6 Rc2 32.Rb2 Qc3 33.Qb3 Rc1+ 34.Rxc1 Qxc1+ 35.Rb1 Qg5 36.Qe6 Qd2
37.Qb3 Rc8 38.a4 Qd4+ 39.Ka2 Rc4 40.Rd1 Rxa4+  0-1

[Event "Geneve op"]
[Site "Geneve"]
[Date "1994.??.??"]
[Round "7"]
[White "Vianin, Pascal"]
[Black "Astengo, Corrado"]
[Result "1-0"]
[WhiteElo "2170"]
[BlackElo "2165"]

1.e4 c5 2.Nf3 d6 3.Bb5+ Bd7 4.Bxd7+ Nxd7 5.d4 cxd4 6.Qxd4 Qb6 7.Nc3 Ngf6
8.O-O Qxd4 9.Nxd4 a6 10.a4 e6 11.f3 Be7 12.Be3 Rc8 13.Nb3 Ne5 14.Na5 Nc4
15.Nxc4 Rxc4 16.Rfd1 O-O 17.Rd2 Rfc8 18.a5 h6 19.Ra4 Nd7 20.Bf4 d5 21.exd5 Rxa4
22.Nxa4 Rc4 23.dxe6 Nf6 24.Bd6 Bxd6 25.Rxd6 Rxa4 26.Rd8+ Kh7 27.exf7  1-0

[Event "Hessenliga"]
[Site "Germany"]
[Date "1994.??.??"]
[Round "?"]
[White "Zunker, Reinhard"]
[Black "Lutz, Klaus Juergen"]
[Result "1/2-1/2"]
[WhiteElo "2270"]
[BlackElo "2300"]

1.e4 c5 2.Nf3 d6 3.Bb5+ Bd7 4.a4 Nf6 5.Qe2 e6 6.c3 Be7 7.O-O O-O 8.e5 Bxb5
9.Qxb5 dxe5 10.Nxe5 Qd5 11.Re1 Nbd7 12.d4 Rfd8 13.Nxd7 Rxd7 14.dxc5 Bxc5
15.Qe2 Qf5 16.Nd2 Qc2 17.Kf1 Rad8 18.Nc4 Qf5 19.Be3 Bxe3 20.Nxe3 Qe5 21.Kg1 Qc5
22.Qb5  1/2-1/2

[Event "Bundesliga 9394"]
[Site "Germany"]
[Date "1994.??.??"]
[Round "?"]
[White "Heinemann, Thies"]
[Black "Bischoff, Klaus"]
[Result "1/2-1/2"]
[WhiteElo "2380"]
[BlackElo "2500"]

1.e4 c5 2.Nf3 d6 3.Bb5+ Bd7 4.Bxd7+ Nxd7 5.O-O Ngf6 6.Re1 e6 7.c4 Be7 8.Nc3 O-O
9.d4 cxd4 10.Qxd4 a6 11.b3 Qc7 12.Bb2 Rfd8 13.h3 b6 14.Qe3 Qb7 15.Nd4 Bf8
16.Rad1 Rac8 17.Qe2 g6 18.Nf3 Ne8 19.e5 Nxe5 20.Nxe5 dxe5 21.Qxe5 Bg7  1/2-1/2

[Event "Oberliga Ost B9394"]
[Site "Germany"]
[Date "1994.??.??"]
[Round "?"]
[White "Del Rio, Roland"]
[Black "Chandler, Patrick"]
[Result "1/2-1/2"]
[WhiteElo "2230"]
[BlackElo "2180"]

1.e4 c5 2.Nf3 d6 3.Bb5+ Bd7 4.Bxd7+ Qxd7 5.c4 Nc6 6.Nc3 g6 7.d4 cxd4 8.Nxd4 Bg7
9.Be3 Nf6 10.f3 Rc8 11.b3 O-O 12.O-O b6 13.Qd2 Nxd4 14.Bxd4 h6 15.Rac1 Kh7
16.Rfe1 Rfd8 17.Qb2 Qb7 18.Kh1 Ne8 19.Red1 Bxd4 20.Rxd4 e6 21.Qd2 Rd7 22.Rd1 a6
23.a4 Rdc7 24.f4 Rc5 25.Rd3 R8c7 26.Rf1 Qc8 27.Rh3 f5 28.exf5 gxf5 29.Qd1 Rg7
30.Rff3 Rcc7 31.Rfg3 Nf6 32.Rxg7+ Rxg7 33.Qd4 Qc6 34.Rg3 Rxg3 35.hxg3 Kg6
36.b4 e5 37.fxe5 dxe5 38.Qd3 a5 39.Nd5 Ng4 40.Ne7+ Kf6 41.Nxc6 Nf2+ 42.Kg1 Nxd3
43.bxa5 bxa5 44.Nxa5 Nc5 45.Kf2 Ke6 46.Nc6 Nxa4 47.g4 fxg4 48.Kg3 h5 49.Kh4 Kd6
50.Nb4 e4 51.Kxh5 Ke5 52.Nc2 g3 53.Kg4  1/2-1/2

[Event "Oberliga Ost B9394"]
[Site "Germany"]
[Date "1994.??.??"]
[Round "?"]
[White "Espig, Thomas"]
[Black "Grabarczyk, Bogdan"]
[Result "0-1"]
[WhiteElo "2310"]
[BlackElo "2355"]

1.e4 c5 2.Nf3 d6 3.Bb5+ Nd7 4.O-O g6 5.d4 cxd4 6.Qxd4 Nf6 7.Nc3 Bg7 8.Bg5 O-O
9.Rfe1 h6 10.Bh4 Qb6 11.Qd2 g5 12.Bg3 Nc5 13.a4 a6 14.a5 Qd8 15.Bc4 Bg4 16.Qe3 Rc8
17.e5 Nh5 18.exd6 exd6 19.Nd5 Ne6 20.Bb3 Nxg3 21.hxg3 Bxb2 22.Ra4 Bxf3 23.Qxf3 Bg7
24.c3 Re8 25.Rae4 Rc5 26.R1e3 Rxa5 27.Qf5 Rb5 28.Bc2 Rb2 29.Bd3 Rd2 30.Rf3 Qd7
31.Rc4 Nc5 32.Qh7+ Kf8 33.Bf5 Re1+ 34.Kh2 Rdd1 35.g4 Rh1+ 36.Kg3 Be5+ 37.Rff4 Ne6
38.Nb6  0-1

[Event "BL2-O9394"]
[Site "Germany"]
[Date "1994.??.??"]
[Round "?"]
[White "Bus, Mariusz"]
[Black "Siepelt, Heiner"]
[Result "1-0"]
[WhiteElo "2370"]
[BlackElo "2360"]

1.e4 c5 2.Nf3 d6 3.Bb5+ Bd7 4.Bxd7+ Nxd7 5.O-O Ngf6 6.Re1 e6 7.b3 Be7 8.Bb2 O-O
9.c4 a6 10.d4 cxd4 11.Nxd4 Qc7 12.Nc3 Rac8 13.Qe2 Rfe8 14.Rad1 Bf8 15.Nc2 Ne5
16.Rd2 Rcd8 17.Red1 Rd7 18.Ne3 Qc6 19.f3 Rb8 20.Rc2 b6 21.Kh1 Qb7 22.a4 Nc6
23.Rcd2 Na7 24.Ba3 Rbd8 25.Nc2 Ne8 26.f4 b5 27.axb5 axb5 28.Nxb5 Nxb5 29.cxb5 Nc7
30.Nd4 Ra8 31.Bb4 e5 32.Nf5 exf4 33.Bxd6 Nxb5 34.Bxf8 Rxd2 35.Qxd2 Rxf8 36.Qxf4 Re8
37.h3 g6 38.Nh6+ Kg7 39.Ng4 Qe7 40.e5 g5 41.Qf5 Qe6 42.Qxg5+ Qg6 43.Qf4 h5
44.Ne3 Nc3 45.Nf5+ Kh7 46.Nh4 Qe6 47.Rd6  1-0

[Event "BL2-O9394"]
[Site "Germany"]
[Date "1994.??.??"]
[Round "?"]
[White "Seyb, Dieter"]
[Black "Roeschlau, Bernd"]
[Result "1-0"]
[WhiteElo "2290"]
[BlackElo "2270"]

1.e4 c5 2.Nf3 d6 3.Bb5+ Nc6 4.O-O Qc7 5.Re1 Bd7 6.c3 h5 7.d4 e5 8.dxc5 dxc5
9.Bxc6 bxc6 10.Nbd2 h4 11.h3 f6 12.Qe2 Ne7 13.Nb3 Ng6 14.Be3 Qc8 15.Nfd2 Be6
16.Nxc5 Bxc5 17.Bxc5 Nf4 18.Qf1 g5 19.f3 Qb7 20.b3 O-O-O 21.Be3 Rh7 22.Red1 Rhd7
23.Qe1 Rd3 24.Nf1 Qd7 25.Rxd3 Qxd3 26.Qd2 Qa6 27.Qc2 Qe2 28.Qxe2 Nxe2+ 29.Kf2 Nxc3
30.Bxa7 Kb7 31.Bc5 Ra8 32.Be7 Bxb3 33.Bxf6 Nd1+ 34.Ke1 Nb2 35.Bxg5 Bxa2 36.Bxh4 c5
37.Kd2 c4 38.Bf6 Nd3 39.Ne3 Ra3 40.Nxc4 Ra4 41.Nxe5 Nc5 42.Ke3 Kc7 43.Rc1 Kb6
44.Nd3 Ne6 45.Ra1 Kb5 46.Nc1 Bc4 47.Rxa4 Kxa4 48.f4 Kb5 49.h4 Kc6 50.h5 Kd7
51.f5 Nf8 52.g4 Ke8 53.Nd3 Nd7 54.Bd4 Ba2 55.h6 Kf7 56.h7  1-0

[Event "BL2-S9394"]
[Site "Germany"]
[Date "1994.??.??"]
[Round "?"]
[White "Gerigk, Erasmus"]
[Black "Mudelsee, Manfred"]
[Result "1/2-1/2"]
[WhiteElo "2270"]
[BlackElo "2275"]

1.e4 c5 2.Nf3 d6 3.Bb5+ Nd7 4.d4 Nf6 5.Nc3 cxd4 6.Qxd4 a6 7.Bxd7+ Bxd7 8.Bg5 h6
9.Bxf6 gxf6 10.O-O Rc8 11.a4 Qc7 12.Ne1 Rg8 13.Ra3 Qc5 14.Qd2 e6 15.Nd3 Qd4
16.Rb3 d5 17.exd5 Rxg2+ 18.Kxg2 Qg4+ 19.Kh1 Qf3+ 20.Kg1 Qg4+  1/2-1/2

[Event "Bundesliga 9394"]
[Site "Germany"]
[Date "1994.??.??"]
[Round "?"]
[White "Kuczynski, Robert"]
[Black "Lutz, Christopher"]
[Result "1/2-1/2"]
[WhiteElo "2520"]
[BlackElo "2605"]

1.e4 c5 2.Nf3 d6 3.Bb5+ Bd7 4.Bxd7+ Qxd7 5.O-O Nc6 6.c3 Nf6 7.Qe2 e6 8.d4 cxd4
9.cxd4 d5 10.e5 Ne4 11.Nbd2 Nxd2 12.Bxd2 Be7 13.Rac1 O-O 14.Rfe1 Rac8 15.a3 Rc7
16.Rc2 Rfc8 17.Rec1 a6 18.Qd3 h6 19.h3 Na7 20.Rxc7 Rxc7 21.Kf1 Rxc1+ 22.Bxc1 Qc6
23.Be3 Qb6 24.Qc3 Qb5+ 25.Kg1 Nc6 26.Nd2 a5 27.Qb3 Qa6 28.g3 a4 29.Qc2 Bd8
30.Kg2 Qb5 31.h4 Bb6 32.Nf3 Ba5 33.h5 Qc4 34.Qd1 b5 35.g4 Bb6 36.Qd2 Kf8
37.Qd1 Ke7 38.g5 hxg5 39.Bxg5+ Kd7 40.Be3 Ne7 41.Nh4 Nc6 42.Nf3 Ne7 43.Nh4 Nc6  1/2-1/2

[Event "BL9394 (Women)"]
[Site "Germany"]
[Date "1994.??.??"]
[Round "?"]
[White "Zahn, Nicol"]
[Black "Goehler, Antje"]
[Result "1/2-1/2"]
[WhiteElo "2070"]
[BlackElo "2175"]

1.e4 c5 2.Nf3 d6 3.Bb5+ Bd7 4.Bxd7+ Qxd7 5.O-O Nc6 6.c3 Nf6 7.d4 cxd4 8.cxd4 e5
9.Nc3 Be7 10.Bg5 exd4 11.Nxd4 h6 12.Bxf6 Bxf6 13.Nf5 Rd8 14.Nd5 Be5 15.f4 Bxb2
16.Rb1 Bf6 17.Nxf6+ gxf6 18.Qd5 Kf8 19.Rfd1 Ne7 20.Nxe7 Qxe7 21.Rxb7 Rd7
22.Rdb1 Rc7 23.Rb8+ Kg7 24.Rxh8 Kxh8 25.Qd3 Rb7 26.Rc1 Rc7 27.Rd1 Kg7 28.h3 Rb7
29.Qd4 Rb6 30.Rc1 Qb7 31.e5 dxe5 32.fxe5 fxe5 33.Qxe5+ Kh7 34.Rf1 Rg6 35.Qe2 Qb6+
36.Kh1 Qb7 37.Qf2 Kg7 38.Qd4+ Kh7 39.Qd2 Kg7 40.Qc3+ Kh7 41.Qc2 Kg7 42.Qc3+  1/2-1/2

[Event "Oberliga Nord O9394"]
[Site "Germany"]
[Date "1994.??.??"]
[Round "?"]
[White "Seils, Joerg"]
[Black "Feick, Stefan"]
[Result "1-0"]
[WhiteElo "2355"]
[BlackElo "2230"]

1.e4 c5 2.Nf3 d6 3.Bb5+ Bd7 4.Bxd7+ Nxd7 5.O-O Ngf6 6.Qe2 e6 7.c3 Be7 8.d4 cxd4
9.cxd4 d5 10.e5 Ne4 11.Ne1 Qb6 12.Be3 f6 13.f3 Ng5 14.Nd3 O-O 15.Nc3 Qa6
16.Bf2 fxe5 17.dxe5 Nf7 18.Rfe1 Nh6 19.Rac1 Rac8 20.Rc2 Rc4 21.Qd2 Rfc8 22.Rec1 Nf5
23.b3 R4c6 24.Na4 Ba3 25.Rxc6 bxc6 26.Rc2 Qb5 27.Nac5 Nxc5 28.Nxc5 Bb4 29.Qd1 d4
30.a4 Qa5 31.Nxe6 Qxe5 32.Re2 Qd5 33.Qd3 c5 34.Nf4 c4 35.bxc4 Qxc4 36.Qxf5  1-0

[Event "Oberliga Nord O9394"]
[Site "Germany"]
[Date "1994.??.??"]
[Round "?"]
[White "Petermann, Hubert"]
[Black "Kern, Johannes"]
[Result "0-1"]
[WhiteElo "2230"]
[BlackElo "2270"]

1.e4 c5 2.Nf3 d6 3.Bb5+ Bd7 4.Bxd7+ Qxd7 5.O-O Nc6 6.c3 Nf6 7.Qe2 e5 8.Rd1 Be7
9.d4 Qc7 10.d5 Nb8 11.c4 Nbd7 12.Nc3 g6 13.Bg5 Qd8 14.Rac1 Nh5 15.Qd2 f6
16.Be3 O-O 17.Ne2 Kh8 18.Bh6 Rg8 19.g4 Ng7 20.Ng3 f5 21.gxf5 gxf5 22.Kh1 fxe4
23.Ng5 Bxg5 24.Bxg5 e3 25.Qxe3 Qf8 26.Ne4 Nf5 27.Qh3 Rg6 28.Rd3 Qf7 29.Rf3 Rf8
30.Rcc3 h6 31.Bd2 Qg7 32.Ng3 Nd4 33.Rxf8+  0-1

[Event "Oberliga Nord O9394"]
[Site "Germany"]
[Date "1994.??.??"]
[Round "?"]
[White "Grottke, Hans Joachim"]
[Black "Jahn, Otilia"]
[Result "0-1"]
[WhiteElo "2255"]
[BlackElo "2230"]

1.e4 c5 2.Nf3 d6 3.Bb5+ Bd7 4.Bxd7+ Qxd7 5.c4 e5 6.Nc3 Nf6 7.d3 Nc6 8.Bg5 Be7
9.Bxf6 Bxf6 10.Nd5 Bd8 11.O-O O-O 12.a3 Ne7 13.Nxe7+ Bxe7 14.Nd2 b5 15.b4 Rfc8
16.Qb3 Rab8 17.Rfb1 a6 18.cxb5 Rxb5 19.Nc4 Rcb8 20.Ne3 a5 21.Nd5 cxb4 22.axb4 axb4
23.Ra4 h6 24.Rc1 Bg5 25.f4 Bxf4 26.Rc7 Be3+ 27.Kf1 Qe6 28.Re7 Qg6 29.Nxe3 Qf6+
30.Nf5 d5 31.Raa7 Rf8 32.Ke2 Qg5 33.Ne3 Qh5+ 34.Kf2 d4 35.Nf1 Rc5 36.Rec7 Rxc7
37.Rxc7 Ra8 38.Ng3 Qg6 39.Nf5 Qf6 40.Ke2 Ra3 41.Qxb4 Ra2+ 42.Kf1 Qg5 43.g3 Qg4
44.Qf8+ Kh7 45.Qxg7+ Qxg7 46.Nxg7 Kxg7 47.h4  0-1

[Event "Wuerttemberg-Rheinland Pfalz"]
[Site "Germany"]
[Date "1994.??.??"]
[Round "?"]
[White "Meyer, I."]
[Black "Zeller, Frank"]
[Result "0-1"]
[WhiteElo "2290"]
[BlackElo "2350"]

1.e4 c5 2.Nf3 d6 3.Bb5+ Nd7 4.O-O Nf6 5.Re1 a6 6.Bf1 b6 7.d4 cxd4 8.Qxd4 Bb7
9.Bg5 h6 10.Bh4 g5 11.Bg3 e5 12.Qe3 Nxe4 13.Nbd2 Nxd2 14.Nxd2 f5 15.f4 gxf4
16.Bxf4 Qc7 17.Qh3 O-O-O 18.Bg5 Re8 19.Be3 Be7 20.Qxf5 Ref8 21.Qe6 Kd8 22.Re2 Nf6
23.a4 Nd5 24.Ra3 Qxc2 25.Nf3 Qf5 26.Qxf5 Rxf5 27.Bf2 Kd7 28.Rd2 Rhf8 29.Bd3 Rf4
30.Bg3 e4 31.Bxf4 Nxf4 32.Ne5+ Ke6 33.Nc4 exd3 34.Nxb6 Bd8 35.Nc4 d5 36.Ne3 Bb6  0-1

[Event "BL2-W9394"]
[Site "Germany"]
[Date "1994.??.??"]
[Round "?"]
[White "Kishnev, Sergey"]
[Black "Schwamberger, Martin"]
[Result "1-0"]
[WhiteElo "2470"]
[BlackElo "2320"]

1.e4 c5 2.Nf3 d6 3.Bb5+ Bd7 4.Bxd7+ Qxd7 5.O-O Nf6 6.e5 Nd5 7.b3 Nc6 8.exd6 exd6
9.Bb2 Be7 10.d4 O-O 11.dxc5 dxc5 12.c4 Bf6 13.Nc3 Nb6 14.Qc2 Nb4 15.Qb1 Qd3
16.a3 Qxb1 17.Raxb1 Nd3 18.Ba1 Rad8 19.Rfd1 Rfe8 20.Kf1 Kf8 21.g3 a6 22.h3 Ne5
23.Rxd8 Rxd8 24.Nxe5 Bxe5 25.Ne4 Bxa1 26.Rxa1 Nd7 27.Rd1 Ke7 28.Rd5 b6 29.Ke2 g6
30.g4 f6 31.f4 Rc8 32.h4 b5 33.a4 bxa4 34.bxa4 a5 35.Kd3 Rc6 36.h5 Rc8 37.h6 Rc7
38.Kc2 Rc6 39.g5 f5 40.Nc3 Nb6 41.Re5+ Kd7 42.Kb3 Rc8 43.Nd5 Nxd5 44.cxd5 c4+
45.Kc3 Kd6 46.Re6+ Kxd5 47.Re2 Rb8 48.Re5+ Kd6 49.Rxa5 Rb1 50.Kxc4 Rc1+ 51.Kd3 Rd1+
52.Ke3 Re1+ 53.Kf3 Rf1+ 54.Kg3 Ra1 55.Ra7 Kd5 56.Rxh7 Ra3+ 57.Kg2 Ke4 58.Re7+ Kxf4
59.h7 Ra2+ 60.Kg1 Ra1+ 61.Kf2 Rh1 62.a5 Kxg5 63.a6 f4 64.a7  1-0

[Event "NRW-Liga I 9394"]
[Site "Germany"]
[Date "1994.??.??"]
[Round "?"]
[White "Kurr, Gerd"]
[Black "Emunds, Hans Georg"]
[Result "1-0"]
[WhiteElo "2225"]
[BlackElo "2250"]

1.e4 c5 2.Nf3 d6 3.Bb5+ Nc6 4.O-O Bd7 5.c3 Nf6 6.Re1 a6 7.Ba4 e5 8.d4 b5
9.Bc2 Be7 10.d5 Na5 11.Nbd2 O-O 12.Nf1 Re8 13.Ne3 g6 14.b4 Nb7 15.a4 Qc7
16.Bd2 bxa4 17.Qb1 Reb8 18.Rc1 cxb4 19.cxb4 Qd8 20.Qa2 a5 21.Nc4 axb4 22.Bxb4 Bb5
23.Nfd2 Nd7 24.Qa3 Nbc5 25.Rab1 Qc7 26.Qe3 Ra6 27.Na3 Qa7 28.Bxc5  1-0

[Event "Goch op"]
[Site "Goch"]
[Date "1994.??.??"]
[Round "3"]
[White "Zunker, Reinhard"]
[Black "Wellner, E."]
[Result "0-1"]
[WhiteElo "2235"]
[BlackElo "2000"]

1.e4 c5 2.Nf3 d6 3.Bb5+ Bd7 4.a4 a6 5.Bc4 Nc6 6.O-O Nf6 7.Re1 Bg4 8.c3 e6
9.d3 Ne5 10.Nbd2 Be7 11.h3 Bxf3 12.Nxf3 Nxc4 13.dxc4 e5 14.Bg5 h6 15.Bxf6 Bxf6
16.Qd5 Qc7 17.Nd2 O-O 18.Nf1 Bg5 19.Red1 Rad8 20.g3 Kh8 21.h4 Be7 22.Ne3 g6
23.Qd3 Qd7 24.Kg2 f5 25.f3 f4 26.Ng4 h5 27.Nf2 fxg3 28.Nh3 Bxh4 29.b4 Qe6
30.Rab1 Rf7 31.Qe3 Rdf8 32.bxc5 dxc5 33.Rd5 Qf6 34.Rf1 b6 35.Qd2 Kh7 36.Rd6 Qe7
37.Qd5 Qe8 38.Qd1 b5 39.cxb5 axb5 40.Qd5 bxa4 41.Rb1 a3 42.Rbb6 Qa4 43.Qd2 Rxf3
44.Rb7+ R3f7 45.Rdd7 Qc4 46.Ra7 Qf1+  0-1

[Event "Groningen op"]
[Site "Groningen"]
[Date "1994.??.??"]
[Round "1"]
[White "Ellenbroek, Ton"]
[Black "Stisis, Yaacov"]
[Result "0-1"]
[WhiteElo "2195"]
[BlackElo "2400"]

1.e4 c5 2.Nf3 d6 3.Bb5+ Nc6 4.O-O Bd7 5.Re1 a6 6.Bf1 e5 7.h3 g6 8.c3 Bg7
9.Na3 Nge7 10.Nc4 Qc7 11.d4 O-O 12.dxc5 dxc5 13.Qd6 Qxd6 14.Nxd6 b6 15.Rd1 Ra7
16.Be3 Nc8 17.a3 Nb8 18.b4 Ba4 19.Rd2 Nd7 20.Be2 Nf6 21.bxc5 bxc5 22.Bxc5 Ra8
23.Bd1 Bxd1 24.Raxd1 Nxd6 25.Bxd6 Nxe4 26.Bxf8 Nxd2 27.Bxg7 Nxf3+ 28.gxf3 Kxg7
29.Rd5 Kf6 30.Rd6+ Ke7 31.Rc6 Kd7 32.Rb6 a5 33.Rb7+ Ke6 34.Kg2 Rd8 35.a4 Rd5
36.Rb6+ Kf5 37.Rb7 Ke6 38.Rb6+ Rd6 39.Rb5 Rc6 40.Rxa5 Rxc3 41.Ra6+ Kf5 42.Ra7 Kf6
43.Ra6+ Kg7 44.Ra5 f6 45.Ra7+ Kh6 46.Rb7 Ra3 47.Rb4 Kg5 48.Kg3 f5 49.Rc4 e4
50.Kg2 Rxf3 51.Rc7 h5 52.Rc6 Ra3 53.Ra6 h4 54.Ra8 Ra2 55.Kg1 Kf4 56.Ra6 g5
57.Ra5 g4 58.hxg4 Kxg4 59.Ra8 Kf3 60.Ra5 f4 61.Rf5 Rxa4  0-1

[Event "Groningen op"]
[Site "Groningen"]
[Date "1994.??.??"]
[Round "4"]
[White "Adler, Viktor"]
[Black "Shipov, Sergei"]
[Result "1/2-1/2"]
[WhiteElo "2405"]
[BlackElo "2525"]

1.e4 c5 2.Nf3 d6 3.Bb5+ Bd7 4.Bxd7+ Qxd7 5.c4 Nc6 6.Nc3 Ne5 7.d3 e6 8.Bf4 Nxf3+
9.Qxf3 Ne7 10.O-O Ng6 11.Be3 Be7 12.d4 cxd4 13.Bxd4 O-O 14.g3 Qc7 15.b3 Qa5
16.Rac1 a6 17.Qe2 Ne5 18.Na4 Nd7 19.Rfd1 Rac8 20.Bc3 Qc7 21.Qb2 Nf6 22.Bd4 Qb8
23.Nb6 Rcd8 24.f3 Ne8 25.a4 Bf6 26.a5  1/2-1/2

[Event "Groningen op"]
[Site "Groningen"]
[Date "1994.??.??"]
[Round "7"]
[White "Ellenbroek, Ton"]
[Black "Simons, Rudi"]
[Result "1/2-1/2"]
[WhiteElo "2195"]
[BlackElo "2250"]

1.e4 c5 2.Nf3 d6 3.Bb5+ Nc6 4.O-O a6 5.Bxc6+ bxc6 6.h3 e5 7.c3 Nf6 8.d4 cxd4
9.cxd4 Nd7 10.Na3 Be7 11.Nc4 Qc7 12.b3 O-O 13.Ba3 exd4 14.Qxd4 c5 15.Qd2 Bb7
16.Rfe1 Nf6 17.Qf4 Rfe8 18.Bb2 Rad8 19.Rad1 Nh5 20.Qh2 Qb8 21.g4 Nf6 22.Bxf6 gxf6
23.Qf4 Bf8 24.Nh4 d5 25.Qxb8 Rxb8 26.exd5 Rxe1+ 27.Rxe1 Bxd5 28.Ne3 Bc6 29.Rd1 Kg7
30.f4 Re8 31.Kf2 a5 32.Nhf5+ Kg8 33.Nd6 Rd8 34.Ndc4 Rxd1 35.Nxd1 a4 36.f5 axb3
37.axb3 Bd5 38.Nc3 Bc6 39.Ke3 Bh6+ 40.Kf2 Bf4 41.Na4 Bb8 42.Nxc5 Kf8 43.Nd2 Ba7
44.b4 Ke7 45.Kg3 Kd6 46.Nde4+ Ke5 47.Nf2 Kd4 48.Kh4 Ke3 49.Nfd3 Bb5 50.Nb2 Kd4
51.g5 Ke5 52.gxf6 Kxf5 53.Kh5 Kxf6 54.Kh6 Ke5 55.Kxh7 f5 56.Kg6 Bxc5 57.bxc5 f4
58.c6 Kd6 59.Kg5 f3 60.Nd1 Bxc6 61.Kf4 Ke6 62.Nf2 Kf6 63.Ng4+ Kg7 64.Kg3 Be4
65.Nh2 Kg6 66.Nxf3 Bxf3 67.Kxf3 Kh5 68.Kg3 Kg5 69.h4+ Kh5 70.Kh3 Kh6 71.Kg4 Kg6  1/2-1/2

[Event "Groningen op"]
[Site "Groningen"]
[Date "1994.??.??"]
[Round "11"]
[White "Sutovskij, Emil"]
[Black "Dvoirys, Semen I"]
[Result "0-1"]
[WhiteElo "2480"]
[BlackElo "2535"]

1.e4 c5 2.Nf3 d6 3.Bb5+ Nc6 4.Bxc6+ bxc6 5.O-O e5 6.c3 Nf6 7.d4 Nxe4 8.Re1 f5
9.dxe5 d5 10.Qa4 Qb6 11.c4 Qa6 12.Qc2 Be7 13.Nfd2 O-O 14.f3 Ng5 15.Nb3 Ne6
16.Be3 Qb6 17.N1d2 Ba6 18.Nc1 dxc4 19.Ne2 Nd4 20.Qc3 Qb4 21.Rac1 Qxc3 22.Rxc3 Rad8
23.Nxc4 Nxe2+ 24.Rxe2 Rd1+ 25.Kf2 f4 26.Bd2 Rh1 27.g4 Rxh2+ 28.Kf1 Rh3 29.Re4 h5
30.gxh5 Rd8 31.Bxf4 Rd4 32.Kg2 Rxe4 33.Kxh3 Rxf4 34.Nd2 Rf5 35.Ra3 Bc8 36.Rxa7 Rxe5+
37.Kg3 Bf8 38.a4 Rxh5 39.a5 Rh1 40.Ra8 Bf5 41.Nc4 Ra1 42.Na3 Kf7 43.a6 Bd6+
44.f4 c4 45.Nxc4 Bc5 46.Ne5+ Ke6 47.Nxc6 Kd5 48.Ne5 Ke4 49.Nf3 Bd6 50.Ng5+ Kd5
51.Nf7 Bc7 52.a7 g6 53.Nh6 Be4 54.Kg4 Kd4 55.Re8 Rxa7 56.Kg3 Ke3 57.Rf8 Ra1
58.Rf7 Rg1+ 59.Kh3 Kf3 60.Ng4 Bf5 61.Rxc7 Rh1+  0-1